Stakeholder engagement (Record no. 115213)
[ view plain ]
| 000 -LEADER | |
|---|---|
| fixed length control field | 01639cad a2200313aa 4500 |
| 001 - CONTROL NUMBER | |
| control field | L158232 |
| 005 - DATE AND TIME OF LATEST TRANSACTION | |
| control field | 20260217120302.0 |
| 008 - FIXED-LENGTH DATA ELEMENTS--GENERAL INFORMATION | |
| fixed length control field | 090813s2014 xxk f 000 0 eng d |
| 020 ## - INTERNATIONAL STANDARD BOOK NUMBER | |
| International Standard Book Number | 9781783210756 |
| 035 ## - SYSTEM CONTROL NUMBER | |
| System control number | (Sirsi) u158232 |
| 041 0# - LANGUAGE CODE | |
| Language code of text/sound track or separate title | eng |
| 050 04 - LIBRARY OF CONGRESS CALL NUMBER | |
| Classification number | 658.408 $2 18 |
| 110 2# - MAIN ENTRY--CORPORATE NAME | |
| Corporate name or jurisdiction name as entry element | Royal Institution of Chartered Surveyors |
| 9 (RLIN) | 4900 |
| 245 00 - TITLE STATEMENT | |
| Title | Stakeholder engagement |
| Medium | [archived] |
| 250 ## - EDITION STATEMENT | |
| Edition statement | 1st ed. |
| 260 ## - PUBLICATION, DISTRIBUTION, ETC. | |
| Place of publication, distribution, etc. | London |
| Name of publisher, distributor, etc. | RICS |
| Date of publication, distribution, etc. | 2014 |
| 350 ## - PRICE (NR) (BK AM CF MU VM SE) [OBSOLETE] | |
| Price | 20 |
| 490 #0 - SERIES STATEMENT | |
| Series statement | RICS Guidance Note |
| 500 ## - GENERAL NOTE | |
| General note | Archived September 2024. No direct replacement, an alternative could be https://www.rics.org/profession-standards/rics-standards-and-guidance/conduct-competence/client-relationships-and-handling-data |
| 520 ## - SUMMARY, ETC. | |
| Summary, etc. | Outlines the principles of effective stakeholder engagement, providing readers with practical guidance through a series of 'real world' case examples and advice from experienced practitioners. Jointly commissioned with the Association for Project Management, the guidance introduces the topic, discusses emerging stakeholder terminology, outlines stakeholder management capabilities, provides the results of a specially commissioned survey, and gives an overview of related RICS and APM resources. |
| 521 ## - TARGET AUDIENCE NOTE | |
| Target audience note | Advanced |
| 590 ## - LOCAL NOTE (RLIN) | |
| Local note | KA |
| 650 24 - SUBJECT ADDED ENTRY--TOPICAL TERM | |
| Topical term or geographic name entry element | SOCIAL RESPONSIBILITY |
| 650 24 - SUBJECT ADDED ENTRY--TOPICAL TERM | |
| Topical term or geographic name entry element | COMMUNICATION MANAGEMENT |
| 651 #4 - SUBJECT ADDED ENTRY--GEOGRAPHIC NAME | |
| Geographic name | England and Wales |
| Chronological subdivision | 1543- |
| 690 ## - LOCAL SUBJECT ADDED ENTRY--TOPICAL TERM (OCLC, RLIN) | |
| Topical term or geographic name as entry element | Project management |
| 9 (RLIN) | 6261 |
| 856 48 - ELECTRONIC LOCATION AND ACCESS | |
| Uniform Resource Identifier | <a href="https://www.isurv.com/downloads/file/6337/archive_stakeholder_engagement_1st_edition_september_2014%E2%80%93september_2024">https://www.isurv.com/downloads/file/6337/archive_stakeholder_engagement_1st_edition_september_2014%E2%80%93september_2024</a> |
| Public note | Archived on isurv (subscription required) |
| 942 ## - ADDED ENTRY ELEMENTS (KOHA) | |
| Suppress in OPAC | 0 |
| Source of classification or shelving scheme | Dewey Decimal Classification |
| Withdrawn status | Lost status | Damaged status | Not for loan | Home library | Current library | Shelving location | Date acquired | Total Checkouts | Full call number | Barcode | Date last seen | Copy number | Price effective from | Koha item type |
|---|---|---|---|---|---|---|---|---|---|---|---|---|---|---|
| Virtual | Virtual | Online | 30/10/2014 | isurv | 158232-2001 | 17/02/2026 | 1 | 06/08/2019 | Online material |